|
|
|
|
| LEADER |
00000nab a2200000 a 4500 |
| 001 |
vtls000406390 |
| 003 |
SK-MaSNL |
| 005 |
20260304034253.0 |
| 008 |
230223c19901991xo 0 cze |
| 015 |
|
|
|a SNBRB19rr/mm-uuuuu
|
| 035 |
|
|
|a CL0406514
|
| 035 |
|
|
|a urn:nbn:sk:snk-ab1e3u
|
| 035 |
|
|
|a (urnnbn)urn:nbn:sk:snk:ar-002v9h
|
| 035 |
|
|
|a (uuid)e8204326-2dde-4fbe-9bae-235cc814485a
|
| 040 |
|
|
|a SNKBUCL
|b slo
|c SNKBUCL
|e AACR2
|
| 041 |
0 |
|
|a cze
|
| 044 |
|
|
|a xo
|c SK
|
| 080 |
|
|
|a 37.03
|2 1981
|
| 080 |
|
|
|a 371.1-053.4
|2 1981
|
| 100 |
1 |
|
|a Dvořáková, Hana
|4 aut
|9 285037
|
| 245 |
1 |
0 |
|a Rozvíjíme schopnosti dětí
|c Hana Dvořáková
|
| 300 |
|
|
|b Obr. 12.
|
| 650 |
0 |
7 |
|a deti predškolského veku
|2 snkbucl
|9 4103
|
| 650 |
0 |
7 |
|a predškolská výchova
|2 snkbucl
|9 3959
|
| 655 |
|
7 |
|a články z novín a časopisov
|2 snkbucl
|9 267496
|
| 773 |
0 |
|
|t Predškolská výchova
|g Roč. 45, č. 1 (1990/1991), s. 10-11
|
| 850 |
|
|
|a Slovenská národná knižnica v Martine
|a MTA001
|
| 852 |
|
|
|a SNK
|b KIS3GCP
|
| 958 |
|
|
|a RK
|
| 958 |
|
|
|a OND
|
| 958 |
|
|
|a EUIPO
|
| 958 |
|
|
|a article27
|
| 992 |
|
|
|a RBX
|
| 999 |
|
|
|c 2652257
|d 2654187
|